| 000 | 00360nam a2200133Ia 4500 | ||
|---|---|---|---|
| 008 | 210210b1970 xxu||||| |||| 00| 0 eng d | ||
| 082 | _a330.91 DUBE | ||
| 100 | _aDUBEY (R N) and PARANJPE (S D). | ||
| 245 | _aEconomic and commercial geography. | ||
| 260 |
_aAllahabad _bKitab mahal _c1970 |
||
| 300 | _aii,383 | ||
| 690 | _aEconomic Geography | ||
| 906 | _a028362 | ||
| 999 |
_c79611 _d79611 |
||